[Event "4NCL Online Division 5"]
[Site "online"]
[Date "2021.01.26"]
[Round "1.53"]
[White "Fraser, Chris"]
[Black "Manoj Kumar, Arth"]
[Result "1-0"]
[WhiteElo "1629"]
[BlackElo "713"]
[PlyCount "35"]
[EventDate "2021.01.26"]
[WhiteTeam "Ashfield Anonymous D"]
[BlackTeam "Watford Juniors C"]

1. e4 e5 2. Nf3 Nc6 3. d4 exd4 4. Bc4 Nf6 5. e5 Ng4 6. O-O d6 7. Nxd4 dxe5 8.
Nxc6 Qh4 9. Bxf7+ Kxf7 10. Nxe5+ Nxe5 11. Qd5+ Kf6 12. Qd8+ Be7 13. Qxh8 Ng4
14. h3 b6 15. Bf4 Bb7 16. Bg3 Kf5 17. Qxg7 Qf6 18. Qxg4# 1-0

[Event "4NCL Online Division 5"]
[Site "online"]
[Date "2021.01.26"]
[Round "1.54"]
[White "Balakrishnan, Akshata"]
[Black "Hardman, Daniel"]
[Result "0-1"]
[WhiteElo "656"]
[BlackElo "1536"]
[PlyCount "38"]
[EventDate "2021.01.26"]
[WhiteTeam "Watford Juniors C"]
[BlackTeam "Ashfield Anonymous D"]

1. e4 e6 2. d4 d5 3. exd5 exd5 4. Nc3 Nc6 5. Nf3 Bg4 6. Bd3 Qd7 7. O-O Bd6 8.
h3 Bh5 9. g4 Bg6 10. Nh4 Nge7 11. Nb5 O-O-O 12. Bxg6 hxg6 13. Nf3 Rxh3 14. Ng5
Rh4 15. Nxf7 Rxg4+ 16. Kh1 Rh4+ 17. Kg1 Rh1+ 18. Kxh1 Qh3+ 19. Kg1 Qh2# 0-1

[Event "4NCL Online Division 5"]
[Site "online"]
[Date "2021.01.26"]
[Round "1.61"]
[White "Levy, Christopher A"]
[Black "Fairclough, William"]
[Result "1-0"]
[WhiteElo "1844"]
[BlackElo "1443"]
[PlyCount "39"]
[EventDate "2021.01.26"]
[WhiteTeam "Hackney Hackers"]
[BlackTeam "Manchester Juniors C"]

1. d4 Nf6 2. Bf4 e6 3. e3 c5 4. c3 cxd4 5. exd4 Nc6 6. Nf3 Qb6 7. Qb3 Qd8 8.
Nbd2 Be7 9. Bd3 b6 10. Nc4 O-O 11. Qc2 d5 12. Nce5 Qe8 13. Ng5 g6 14. h4 Nh5
15. Be3 f6 16. Nxg6 fxg5 17. Nxf8 Qxf8 18. Bxh7+ Kh8 19. hxg5 Qf7 20. Bg6 1-0

[Event "4NCL Online Division 5"]
[Site "online"]
[Date "2021.01.26"]
[Round "1.62"]
[White "Correa, Edward"]
[Black "Conway, Paul Bernard"]
[Result "1/2-1/2"]
[WhiteElo "1270"]
[BlackElo "1846"]
[PlyCount "86"]
[EventDate "2021.01.26"]
[WhiteTeam "Manchester Juniors C"]
[BlackTeam "Hackney Hackers"]

1. d4 c5 2. c3 e6 3. Bf4 d5 4. e3 Bd6 5. Bxd6 Qxd6 6. Nf3 Nf6 7. Nbd2 b6 8.
Bb5+ Bd7 9. Bxd7+ Nbxd7 10. Qc2 O-O 11. h3 cxd4 12. Nxd4 a6 13. a3 Rac8 14. O-O
Nc5 15. f3 Nh5 16. Ne2 Ng3 17. Nxg3 Qxg3 18. Qd1 Nd3 19. Qc2 Qg6 20. Nb3 Rc4
21. Nc1 Ne5 22. Qxg6 Nxg6 23. Nd3 Rfc8 24. g3 f6 25. Rac1 a5 26. Rf2 Ne7 27.
Rfc2 Nf5 28. Kf2 d4 29. e4 Nd6 30. Nf4 Kf7 31. Ne2 d3 32. Rd2 Nxe4+ 33. fxe4
dxe2 34. Rxe2 b5 35. Rd1 Ke7 36. Red2 R8c7 37. Ke3 b4 38. axb4 axb4 39. cxb4
Rxb4 40. Re1 Rcc4 41. Kf3 Rb3+ 42. Kf2 Rcb4 43. Ree2 Kf7 1/2-1/2

[Event "4NCL Online Division 5"]
[Site "online"]
[Date "2021.01.26"]
[Round "1.63"]
[White "Figueroa, Edison"]
[Black "Topping, Rachel"]
[Result "1-0"]
[WhiteElo "1819"]
[BlackElo "1225"]
[PlyCount "75"]
[EventDate "2021.01.26"]
[WhiteTeam "Hackney Hackers"]
[BlackTeam "Manchester Juniors C"]

1. e4 e5 2. Nf3 Nc6 3. Bc4 h6 4. O-O Nf6 5. d3 d5 6. exd5 Nxd5 7. Re1 Bg4 8. c3
Qd6 9. Nbd2 O-O-O 10. Ne4 Qg6 11. Ng3 Bc5 12. Bb3 Rhe8 13. Bc2 f5 14. Bd2 f4
15. Ne4 Bh3 16. Nh4 Bxf2+ 17. Kxf2 Qe6 18. Qf3 Bg4 19. Nc5 Nf6 20. Nxe6 Bxf3
21. Nxd8 Nxd8 22. Nxf3 e4 23. dxe4 Ng4+ 24. Kg1 g5 25. e5 Kb8 26. h3 Ne3 27.
Bxe3 fxe3 28. Rxe3 Ne6 29. Nd4 Ng7 30. Rf1 c6 31. Rf7 Ne6 32. Nxe6 Rxe6 33. Bf5
Re8 34. Rd3 a6 35. Rdd7 Ka7 36. Rxb7+ Ka8 37. Ra7+ Kb8 38. Rfb7# 1-0

[Event "4NCL Online Division 5"]
[Site "online"]
[Date "2021.01.26"]
[Round "1.64"]
[White "Benhamida, Jude"]
[Black "Reilly, Gerard"]
[Result "0-1"]
[WhiteElo "1120"]
[BlackElo "1792"]
[PlyCount "64"]
[EventDate "2021.01.26"]
[WhiteTeam "Manchester Juniors C"]
[BlackTeam "Hackney Hackers"]

1. e4 c5 2. Nf3 d6 3. Nc3 a6 4. Bc4 e6 5. d3 b5 6. Bb3 Bb7 7. Be3 Nf6 8. Bg5
Be7 9. a4 b4 10. Ne2 O-O 11. Ng3 Nbd7 12. d4 Nxe4 13. Nxe4 Bxe4 14. Bxe7 Qxe7
15. Qe2 Bb7 16. dxc5 Nxc5 17. Ba2 Bc6 18. a5 Rac8 19. Bc4 Qb7 20. Nh4 d5 21.
Bd3 Nxd3+ 22. Qxd3 Bb5 23. Qg3 Rxc2 24. Nf3 Re2+ 25. Kd1 Rxb2 26. h4 Qc6 27.
Nd4 Qc4 28. Qe3 Rc8 29. Nxb5 Qxb5 30. Rh3 Rcc2 31. Rc1 Qf1+ 32. Qe1 Rd2# 0-1

[Event "4NCL Online Division 5"]
[Site "online"]
[Date "2021.01.26"]
[Round "1.71"]
[White "Pordes, Ben"]
[Black "Trudeau, Gary"]
[Result "1-0"]
[WhiteElo "1527"]
[BlackElo "1842"]
[PlyCount "49"]
[EventDate "2021.01.26"]
[WhiteTeam "Uxbridge Cyclones"]
[BlackTeam "Calstock Killers"]

1. d4 Nf6 2. c4 e6 3. Nf3 Bb4+ 4. Bd2 Be7 5. Nc3 d5 6. cxd5 exd5 7. Bf4 O-O 8.
Qc2 a6 9. e3 Nbd7 10. Bd3 c5 11. dxc5 Nxc5 12. Be2 b6 13. O-O Bb7 14. Rfd1 Rc8
15. Qd2 Nfe4 16. Nxe4 dxe4 17. Nd4 Qd5 18. b3 b5 19. Rac1 Rfd8 20. Bg4 Nd3 21.
Bxc8 Bb4 22. Bxb7 Bxd2 23. Bxd5 Bxc1 24. Bxe4 Nxf4 25. Rxc1 1-0

[Event "4NCL Online Division 5"]
[Site "online"]
[Date "2021.01.26"]
[Round "1.72"]
[White "Hill, Michael"]
[Black "Nandi, Asoke K"]
[Result "1/2-1/2"]
[WhiteElo "1733"]
[BlackElo "1481"]
[PlyCount "87"]
[EventDate "2021.01.26"]
[WhiteTeam "Calstock Killers"]
[BlackTeam "Uxbridge Cyclones"]

1. Nf3 d6 2. d4 e6 3. c4 Nf6 4. Nc3 Nbd7 5. b3 Be7 6. Bb2 O-O 7. e3 e5 8. dxe5
Nxe5 9. Be2 Bg4 10. O-O Bxf3 11. Bxf3 Nxf3+ 12. Qxf3 c6 13. Rad1 Qc7 14. Ne4
Nxe4 15. Qxe4 Bf6 16. Bxf6 gxf6 17. Qf4 Rad8 18. Qxf6 Rfe8 19. Qf4 Re6 20. Rd2
Qe7 21. Rfd1 Rg6 22. g3 Rf6 23. Qg5+ Kf8 24. Qa5 a6 25. Qc3 Qe6 26. Rd4 Rh6 27.
R1d2 Qh3 28. f3 Rg6 29. Rg2 Qf5 30. e4 Qc5 31. Kh1 Qb6 32. Rgd2 Re6 33. Rd1 Ke7
34. c5 Qc7 35. cxd6+ Rdxd6 36. Rxd6 Rxd6 37. Qe5+ Kd7 38. Qf5+ Ke7 39. Qc5 Kd7
40. Qf5+ Ke7 41. Qg5+ Kd7 42. Qg4+ Ke7 43. Qg5+ Kd7 44. Qf5+ 1/2-1/2

[Event "4NCL Online Division 5"]
[Site "online"]
[Date "2021.01.26"]
[Round "1.73"]
[White "Selvaduarai, Karthisamy"]
[Black "Kirkman, Nigel J"]
[Result "0-1"]
[WhiteElo "1548"]
[BlackElo "1722"]
[PlyCount "106"]
[EventDate "2021.01.26"]
[WhiteTeam "Uxbridge Cyclones"]
[BlackTeam "Calstock Killers"]

1. e3 c5 2. g3 Nf6 3. Nc3 g6 4. Bg2 Bg7 5. b3 Nc6 6. Bb2 O-O 7. Nf3 d6 8. O-O
Bg4 9. Qc1 Qd7 10. Ng5 h6 11. Nf3 Bh3 12. Nb5 a6 13. Na3 b5 14. Nh4 Bxg2 15.
Kxg2 e5 16. Qd1 g5 17. Nf3 e4 18. Ne1 d5 19. d3 Qe6 20. Qe2 b4 21. Nb1 Rad8 22.
Nd2 Rfe8 23. Rb1 d4 24. dxe4 Nxe4 25. exd4 Qd5 26. Nxe4 Rxe4 27. Qf3 g4 28. c4
bxc3 29. Qxc3 Re3+ 30. Kg1 Rxc3 31. Bxc3 cxd4 32. Bd2 Qe4 33. Ng2 Ne5 34. Nh4
Nf3+ 35. Nxf3 gxf3 36. h3 Qd3 37. Rbd1 Qc2 38. Ba5 Rc8 39. Rd2 Qf5 40. Kh2 Qxa5
41. Rd3 Qxa2 42. Rxf3 Rc3 43. Rf4 Qxb3 44. Rg4 d3 45. Re1 d2 46. Re8+ Kh7 47.
Rge4 Qb7 48. R8e7 Qd5 49. h4 f5 50. Re2 d1=Q 51. Re1 Q1f3 52. Rxg7+ Kxg7 53.
Re7+ Kf6 0-1

[Event "4NCL Online Division 5"]
[Site "online"]
[Date "2021.01.26"]
[Round "1.74"]
[White "Henderson, Jason"]
[Black "Smith, Richard"]
[Result "0-1"]
[WhiteElo "1680"]
[BlackElo "1462"]
[PlyCount "94"]
[EventDate "2021.01.26"]
[WhiteTeam "Calstock Killers"]
[BlackTeam "Uxbridge Cyclones"]

1. d4 d5 2. c4 Nf6 3. Nc3 c6 4. Bg5 Ne4 5. Nxe4 dxe4 6. g3 h6 7. Bd2 Qxd4 8. e3
Qxb2 9. Bg2 Qe5 10. Qb1 Nd7 11. Bxe4 Nc5 12. Bc2 Be6 13. Ne2 Bxc4 14. Bc3 Qd5
15. Rg1 Nd3+ 16. Bxd3 Qxd3 17. Qb2 Qxe2+ 18. Qxe2 Bxe2 19. Kxe2 f6 20. Rab1 b6
21. Rgd1 e5 22. e4 Bc5 23. h3 O-O 24. Rd7 Rfc8 25. Rbd1 a5 26. f3 b5 27. R1d3
b4 28. Bb2 a4 29. Rb7 Rd8 30. Rc7 Rxd3 31. Kxd3 a3 32. Ba1 Bf2 33. g4 c5 34.
Rd7 Rc8 35. Kc4 Kh7 36. f4 Bd4 37. Bxd4 exd4 38. e5 fxe5 39. fxe5 Kg8 40. e6
Kf8 41. Rf7+ Ke8 42. Rxg7 Rd8 43. Rh7 d3 44. Rh8+ Ke7 45. Rxd8 Kxd8 46. Kxd3 b3
47. axb3 a2 0-1

[Event "4NCL Online Division 5"]
[Site "online"]
[Date "2021.01.26"]
[Round "1.81"]
[White "Zhang, Zheming"]
[Black "Eedle, Eric F"]
[Result "1-0"]
[WhiteElo "2092"]
[BlackElo "1825"]
[PlyCount "72"]
[EventDate "2021.01.26"]
[WhiteTeam "Forest Hall Juniors"]
[BlackTeam "Barnet Knights B"]

1. e4 c5 2. Nc3 Nc6 3. Bb5 Nd4 4. Bc4 Nf6 5. f4 g6 6. Nf3 Bg7 7. d3 d6 8. Nxd4
cxd4 9. Bb5+ Bd7 10. Bxd7+ Qxd7 11. Ne2 e5 12. O-O O-O 13. Ng3 Rac8 14. f5 d5
15. Bg5 Qc6 16. Bxf6 Bxf6 17. exd5 Qxd5 18. Ne4 Bg7 19. Rf2 Rc6 20. g4 Rfc8 21.
Qf3 Qd8 22. Raf1 Rxc2 23. fxg6 fxg6 24. Qf7+ Kh8 25. Qxb7 Rxf2 26. Rxf2 Rc7 27.
Qb3 Qd7 28. h3 h6 29. Kh2 Kh7 30. Rf8 Bxf8 31. Nf6+ Kg7 32. Nxd7 Rxd7 33. Qb5
Re7 34. Qd5 Kf6 35. Kg2 h5 36. Qf3+ Ke6 1-0

[Event "4NCL Online Division 5"]
[Site "online"]
[Date "2021.01.26"]
[Round "1.82"]
[White "Vyas, Alisha"]
[Black "French, Morgan"]
[Result "1/2-1/2"]
[WhiteElo "1695"]
[BlackElo "1662"]
[PlyCount "90"]
[EventDate "2021.01.26"]
[WhiteTeam "Barnet Knights B"]
[BlackTeam "Forest Hall Juniors"]

1. e4 Nf6 2. e5 Nd5 3. d4 d6 4. Bc4 Nb6 5. Bb3 Nc6 6. exd6 exd6 7. c3 Bf5 8.
Nf3 Be7 9. O-O O-O 10. Re1 Bf6 11. Be3 a5 12. a4 d5 13. Nbd2 Re8 14. Bc2 Qd7
15. Qb1 Bxc2 16. Qxc2 h6 17. b3 Re7 18. Nf1 Qe6 19. Bxh6 Qd7 20. Be3 Rae8 21.
Ng3 Nc8 22. Nh5 Re6 23. Ng3 Nd6 24. Bf4 Ne4 25. Rad1 Nd6 26. Re3 Rxe3 27. Bxe3
g6 28. Re1 Ne4 29. Nxe4 Rxe4 30. Bd2 Rxe1+ 31. Nxe1 Qe7 32. Be3 Bg5 33. Qd2
Bxe3 34. Qxe3 Qa3 35. h3 Qxb3 36. Qe8+ Kg7 37. Qe3 Qxa4 38. Nf3 Qd1+ 39. Kh2 a4
40. Ne5 Nxe5 41. Qxe5+ Kf8 42. Qh8+ Ke7 43. Qe5+ Kf8 44. Qh8+ Ke7 45. Qe5+ Kf8
1/2-1/2

[Event "4NCL Online Division 5"]
[Site "online"]
[Date "2021.01.26"]
[Round "1.83"]
[White "Xu, Weiming"]
[Black "Sanfey, Gregor"]
[Result "1-0"]
[WhiteElo "1569"]
[BlackElo "1677"]
[PlyCount "53"]
[EventDate "2021.01.26"]
[WhiteTeam "Forest Hall Juniors"]
[BlackTeam "Barnet Knights B"]

1. e4 d6 2. d4 Nf6 3. Nc3 g6 4. Nf3 Bg7 5. Bc4 Nxe4 6. Bxf7+ Kxf7 7. Nxe4 Rf8
8. O-O Kg8 9. c3 h6 10. Be3 Nd7 11. Qd2 Kh7 12. Neg5+ hxg5 13. Nxg5+ Kg8 14.
Ne6 Qe8 15. Nxc7 Qd8 16. Nxa8 b6 17. Qd3 Bb7 18. Nxb6 Nxb6 19. Qxg6 Rf6 20. Qg3
Qe8 21. f3 Nc4 22. Rae1 Rg6 23. Bg5 Bf6 24. h4 Nxb2 25. Rb1 Qb5 26. Qf2 Ba6 27.
Bxf6 1-0

[Event "4NCL Online Division 5"]
[Site "online"]
[Date "2021.01.26"]
[Round "1.84"]
[White "Drel, Anton"]
[Black "Johnston, Alexander"]
[Result "1-0"]
[WhiteElo "1510"]
[BlackElo "1593"]
[PlyCount "63"]
[EventDate "2021.01.26"]
[WhiteTeam "Barnet Knights B"]
[BlackTeam "Forest Hall Juniors"]

1. e4 c6 2. d4 d5 3. e5 Bf5 4. f4 c5 5. dxc5 e6 6. Be3 Nd7 7. Bb5 Rc8 8. b4 a6
9. Bxd7+ Qxd7 10. a3 b6 11. cxb6 Rxc2 12. Nf3 Rxg2 13. Nh4 Bg4 14. b7 Re2+ 15.
Qxe2 Qxb7 16. Qxg4 d4 17. Qg2 Qxg2 18. Nxg2 dxe3 19. Nxe3 Be7 20. Nc3 f6 21.
Ke2 Nh6 22. Ne4 fxe5 23. fxe5 O-O 24. Rad1 Nf7 25. Rd7 Bd8 26. Rhd1 Bh4 27. Nc4
Rc8 28. Nc5 a5 29. Rxf7 Rxc5 30. Rxg7+ Kxg7 31. bxc5 Be7 32. c6 1-0

[Event "4NCL Online Division 5"]
[Site "online"]
[Date "2021.01.26"]
[Round "1.91"]
[White "Mooney, David Paul"]
[Black "Bray, David"]
[Result "1-0"]
[WhiteElo "2181"]
[BlackElo "2036"]
[PlyCount "119"]
[EventDate "2021.01.26"]
[WhiteTeam "Chessable White Rose 3"]
[BlackTeam "Braunstone 1"]

1. e4 d5 2. exd5 Qxd5 3. Nf3 Qe4+ 4. Be2 Qg6 5. O-O Bh3 6. Ne1 Nc6 7. Bh5 Qg5
8. d4 Qd5 9. gxh3 Nxd4 10. Nc3 Qd6 11. Be3 e5 12. Bxd4 exd4 13. Nb5 Qe5 14. Qe2
Qxe2 15. Bxe2 O-O-O 16. Nxa7+ Kb8 17. Nb5 c6 18. Na3 Bxa3 19. bxa3 Nf6 20. Nd3
Rhe8 21. Bf3 Ne4 22. Bxe4 Rxe4 23. Rfe1 Rxe1+ 24. Rxe1 Kc7 25. Re7+ Rd7 26.
Rxd7+ Kxd7 27. Kg2 Kd6 28. Kf3 Kd5 29. Ke2 Kc4 30. Kd2 b5 31. Ne5+ Kd5 32. Nxf7
c5 33. c3 dxc3+ 34. Kxc3 c4 35. Ng5 h6 36. Nf3 g5 37. Nd2 h5 38. a4 bxa4 39.
Nxc4 Ke4 40. Nd2+ Kf4 41. Kd4 g4 42. h4 Kf5 43. Ke3 a3 44. f3 gxf3 45. Kxf3 Ke5
46. Nc4+ Kd4 47. Nxa3 Kc3 48. Nb5+ Kb2 49. a4 Kb3 50. a5 Kb4 51. a6 Kxb5 52. a7
Kb6 53. a8=Q Kc7 54. Qa6 Kd7 55. Ke4 Ke7 56. Ke5 Kf7 57. Qf6+ Kg8 58. Qe7 Kh8
59. Kf6 Kg8 60. Qg7# 1-0

[Event "4NCL Online Division 5"]
[Site "online"]
[Date "2021.01.26"]
[Round "1.92"]
[White "Brown, Tom"]
[Black "Wills, Tom"]
[Result "1-0"]
[WhiteElo "2068"]
[BlackElo "1989"]
[PlyCount "107"]
[EventDate "2021.01.26"]
[WhiteTeam "Braunstone 1"]
[BlackTeam "Chessable White Rose 3"]

1. d4 d5 2. c4 c6 3. Nc3 Nf6 4. e3 e6 5. Nf3 Nbd7 6. Qc2 Bd6 7. b3 O-O 8. Be2
b6 9. Bb2 Bb7 10. O-O Qe7 11. Rac1 Rac8 12. Qb1 Rfd8 13. Rfd1 Bb4 14. Ne1 dxc4
15. Bxc4 Bxc3 16. Bxc3 c5 17. Qb2 Ne4 18. dxc5 Nxc3 19. Qxc3 Nxc5 20. Qb4 Qf6
21. Be2 h6 22. h3 Rc7 23. Rxd8+ Qxd8 24. Rd1 Rd7 25. Rxd7 Qxd7 26. Nf3 Qc6 27.
Qf4 Nd7 28. Qc4 Qd6 29. Qd4 Qe7 30. b4 Nf6 31. a4 Qc7 32. Qc4 Qd7 33. a5 Nd5
34. a6 Ba8 35. Ne5 Qd6 36. Qc8+ Qf8 37. Qd7 Nxb4 38. Qxa7 Nc6 39. Nxc6 Bxc6 40.
Qxb6 Qa8 41. a7 Bxg2 42. f3 Bxf3 43. Bxf3 Qxf3 44. Qb8+ Kh7 45. a8=Q Qxe3+ 46.
Kh2 e5 47. Qb1+ g6 48. Qf1 Kg7 49. Qaf3 Qa7 50. Qf6+ Kg8 51. Qxe5 Qd7 52. Qef4
Qd5 53. Qxh6 Qd2+ 54. Qxd2 1-0

[Event "4NCL Online Division 5"]
[Site "online"]
[Date "2021.01.26"]
[Round "1.93"]
[White "Parkhouse, Max"]
[Black "Tang, Julian"]
[Result "1/2-1/2"]
[WhiteElo "1880"]
[BlackElo "1834"]
[PlyCount "109"]
[EventDate "2021.01.26"]
[WhiteTeam "Chessable White Rose 3"]
[BlackTeam "Braunstone 1"]

1. d4 d5 2. Bf4 Nc6 3. e3 Nf6 4. c3 a6 5. Nf3 Bg4 6. Be2 e6 7. Nbd2 Bd6 8. Bg3
O-O 9. Ne5 Bxe2 10. Qxe2 Ne7 11. Ndf3 h6 12. Nd3 b6 13. a4 c5 14. Bxd6 Qxd6 15.
O-O c4 16. Nde5 b5 17. Rfb1 b4 18. b3 Ne4 19. bxc4 Nxc3 20. Qc2 Nxb1 21. Rxb1
a5 22. c5 Qc7 23. e4 dxe4 24. Qxe4 Nd5 25. Qc2 Nc3 26. Re1 Rab8 27. Qb3 Rfd8
28. Nc4 Rd5 29. Nd6 Qc6 30. Ne5 Qxa4 31. Qxa4 Nxa4 32. Nc6 Ra8 33. Ne7+ Kf8 34.
Nxd5 exd5 35. c6 b3 36. c7 Nb6 37. c8=Q+ Rxc8 38. Nxc8 Nxc8 39. Ra1 Nb6 40.
Rxa5 b2 41. Rb5 Nc4 42. f3 Ke7 43. Kf2 Kd6 44. Ke2 Kc6 45. Rb3 f5 46. Kd3 f4
47. g3 g5 48. Kc3 fxg3 49. hxg3 h5 50. Rb8 h4 51. gxh4 gxh4 52. Kc2 h3 53. Rh8
Nd2 54. Kxb2 Nxf3 55. Rxh3 1/2-1/2

[Event "4NCL Online Division 5"]
[Site "online"]
[Date "2021.01.26"]
[Round "1.94"]
[White "Bingham, James T"]
[Black "Busuioc, Alexandra"]
[Result "0-1"]
[WhiteElo "1740"]
[BlackElo "1953"]
[PlyCount "100"]
[EventDate "2021.01.26"]
[WhiteTeam "Braunstone 1"]
[BlackTeam "Chessable White Rose 3"]

1. d4 d6 2. Nf3 Nf6 3. g3 g6 4. Bg2 Bg7 5. O-O O-O 6. c4 Nc6 7. Nc3 Bd7 8. e4
e5 9. d5 Ne7 10. Be3 Qc8 11. Rc1 Bh3 12. Qe2 Bxg2 13. Kxg2 Nd7 14. Nd2 f5 15.
f4 Rf7 16. b4 Qf8 17. Nb5 exf4 18. Rxf4 g5 19. Rff1 f4 20. Bg1 Ng6 21. Nxc7
Nde5 22. Ne6 Qe7 23. c5 Bh6 24. cxd6 Qxd6 25. Bc5 Qd7 26. Qh5 f3+ 27. Nxf3 Nxf3
28. Rxf3 Rxf3 29. Qxh6 g4 30. Qg5 Ra3 31. Rc2 Qa4 32. Qd2 Rc8 33. Rb2 b6 34.
Qh6 Qd7 35. Bd4 Qf7 36. Ng5 Qe7 37. Qh5 Rd3 38. Qxg4 Rc4 39. Ne6 Rdxd4 40. Nxd4
Rxd4 41. Qc8+ Kg7 42. Qc3 Qxe4+ 43. Kg1 Kg8 44. Qc8+ Nf8 45. Qc1 Qxd5 46. Rb1
Rd2 47. Qf1 Qd4+ 48. Kh1 Rf2 49. Qg1 Qe4+ 50. Qg2 Qxg2# 0-1

[Event "4NCL Online Division 5"]
[Site "online"]
[Date "2021.01.26"]
[Round "1.101"]
[White "Reynolds, D Ian W"]
[Black "Siddle, Michael"]
[Result "1-0"]
[WhiteElo "2011"]
[BlackElo "1477"]
[PlyCount "69"]
[EventDate "2021.01.26"]
[WhiteTeam "Redbridge All Sorts 1"]
[BlackTeam "Bishop Knights"]

1. e4 d5 2. exd5 Qxd5 3. Nc3 Qa5 4. Bc4 Nf6 5. d3 c6 6. Bd2 Qc7 7. h3 Bf5 8.
Nf3 Nbd7 9. Qe2 O-O-O 10. O-O-O e6 11. Nh4 Re8 12. Rde1 Bd6 13. Nxf5 exf5 14.
Qd1 Ne5 15. Bb3 h6 16. Kb1 g5 17. Ne2 c5 18. Ng3 Qd7 19. Bc3 Re7 20. d4 cxd4
21. Qxd4 Rhe8 22. Rd1 Ne4 23. Nxe4 fxe4 24. Qxd6 Qxd6 25. Rxd6 Nc6 26. a3 e3
27. fxe3 Rxe3 28. Ba4 R8e6 29. Rxe6 Rxe6 30. Rf1 Nd8 31. Bb5 a6 32. Bd3 Re3 33.
Rf6 Re7 34. Bf5+ Kb8 35. Rxh6 1-0

[Event "4NCL Online Division 5"]
[Site "online"]
[Date "2021.01.26"]
[Round "1.102"]
[White "Clynes, Chris"]
[Black "Hunnable, Ian D"]
[Result "0-1"]
[WhiteElo "1398"]
[BlackElo "1939"]
[PlyCount "64"]
[EventDate "2021.01.26"]
[WhiteTeam "Bishop Knights"]
[BlackTeam "Redbridge All Sorts 1"]

1. d4 Nf6 2. Nf3 e6 3. e3 b6 4. Bd3 Bb7 5. Nbd2 c5 6. c3 Be7 7. O-O O-O 8. dxc5
bxc5 9. h3 d5 10. Qc2 Nbd7 11. b3 Rc8 12. c4 h6 13. Bb2 Qc7 14. Rfd1 Rfd8 15.
Rac1 Qb8 16. Qc3 Bd6 17. a4 e5 18. Bf5 e4 19. Bxd7 Rxd7 20. Ne5 Rdd8 21. Ng4 d4
22. Nxf6+ gxf6 23. exd4 cxd4 24. Qc2 f5 25. Nf1 Be5 26. Qb1 Rd7 27. Qa1 Rcd8
28. c5 Bc6 29. Qa3 a5 30. Rb1 Kh7 31. Bc1 Rg8 32. Bd2 e3 0-1

[Event "4NCL Online Division 5"]
[Site "online"]
[Date "2021.01.26"]
[Round "1.103"]
[White "Karacsony, Istvan"]
[Black "Burnett, John"]
[Result "1-0"]
[WhiteElo "1945"]
[BlackElo "1191"]
[PlyCount "87"]
[EventDate "2021.01.26"]
[WhiteTeam "Redbridge All Sorts 1"]
[BlackTeam "Bishop Knights"]

1. Nf3 e6 2. g3 Nc6 3. Bg2 d5 4. O-O Nf6 5. b3 b6 6. Bb2 Bb7 7. d3 Be7 8. Nbd2
O-O 9. c4 Nh5 10. Rc1 Bf6 11. Ba3 Be7 12. Bb2 Nf6 13. a3 a5 14. Rc2 Na7 15. Qc1
Rc8 16. Qa1 Ne8 17. b4 Bf6 18. d4 a4 19. Rfc1 c6 20. e4 b5 21. cxd5 cxd5 22. e5
Be7 23. Bf1 Ba6 24. Ne1 Rxc2 25. Rxc2 f6 26. Nd3 f5 27. Nc5 Bxc5 28. Rxc5 Nc7
29. Qc1 Rf7 30. Nb1 Na8 31. Nc3 Rc7 32. Nxa4 bxa4 33. Bxa6 Qb8 34. Bd3 g6 35.
Qc2 Qb7 36. Qxa4 Qb8 37. Qa6 Qb6 38. Qxb6 Nxb6 39. Rxc7 Nac8 40. Rc6 Kf7 41.
Ba6 Na4 42. Bc1 Ne7 43. Rc7 Ke8 44. Bb5+ 1-0

[Event "4NCL Online Division 5"]
[Site "online"]
[Date "2021.01.26"]
[Round "1.104"]
[White "Clynes, Jamie"]
[Black "Barton, Tom A"]
[Result "0-1"]
[WhiteElo "874"]
[BlackElo "1909"]
[PlyCount "55"]
[EventDate "2021.01.26"]
[WhiteTeam "Bishop Knights"]
[BlackTeam "Redbridge All Sorts 1"]

1. d4 Nf6 2. c4 g6 3. Nc3 Bg7 4. Nf3 d6 5. Bf4 O-O 6. e3 Nc6 7. Nd5 Nxd5 8.
cxd5 Nb4 9. Qb3 a5 10. a3 Na6 11. Bd3 c6 12. O-O cxd5 13. Qxd5 Nc7 14. Qc4 Be6
15. Qc2 Nd5 16. Bg3 Rc8 17. Qb3 Nxe3 18. Qxb7 Nxf1 19. Kxf1 Rb8 20. Qe4 Bf5 21.
Qe2 Bxd3 22. Qxd3 Rxb2 23. Qc3 Qb6 24. Rc1 Qb5+ 25. Qc4 Rb8 26. Nd2 Rxd2 27.
Bf4 Qxc4+ 28. Rxc4 0-1

[Event "4NCL Online Division 5"]
[Site "online"]
[Date "2021.01.26"]
[Round "1.111"]
[White "Jeffs, David"]
[Black "Hossain Mohammed, Ashraf"]
[Result "1/2-1/2"]
[WhiteElo "1695"]
[BlackElo "1821"]
[PlyCount "61"]
[EventDate "2021.01.26"]
[WhiteTeam "Warley And Quinborne"]
[BlackTeam "Enfield 1"]

1. d4 Nf6 2. c4 d5 3. Nc3 c6 4. e3 Bf5 5. cxd5 cxd5 6. Bd3 Bxd3 7. Qxd3 e6 8.
Nf3 Nc6 9. a3 a6 10. b4 Bd6 11. O-O O-O 12. Bd2 h6 13. Rac1 Rc8 14. Na4 Ne4 15.
Nc5 Bxc5 16. bxc5 f5 17. Ne1 Na5 18. Bxa5 Qxa5 19. Rc2 Qa4 20. f3 Nf6 21. Rb2
Rf7 22. Nc2 Rcc7 23. Rfb1 Rfe7 24. Rb4 Qe8 25. Ne1 Qf7 26. Qf1 e5 27. Nd3 exd4
28. exd4 Qe8 29. Ne5 Nd7 30. f4 Nf6 31. Qf3 1/2-1/2

[Event "4NCL Online Division 5"]
[Site "online"]
[Date "2021.01.26"]
[Round "1.112"]
[White "McNish, David"]
[Black "Draper, Martin"]
[Result "0-1"]
[WhiteElo "1776"]
[BlackElo "1576"]
[PlyCount "68"]
[EventDate "2021.01.26"]
[WhiteTeam "Enfield 1"]
[BlackTeam "Warley And Quinborne"]

1. d4 e6 2. Nf3 d5 3. e3 c5 4. c3 Nf6 5. Bd3 Nc6 6. O-O Qc7 7. Nbd2 Bd7 8. a3
cxd4 9. exd4 Bd6 10. h3 h6 11. Re1 O-O-O 12. c4 g5 13. cxd5 Nxd5 14. Nc4 f5 15.
Nxd6+ Qxd6 16. Bb5 Kb8 17. b4 Nc3 18. Qd3 Nxb5 19. Qxb5 Nxd4 20. Qd3 Nxf3+ 21.
Qxf3 Bc6 22. Qe2 Qd5 23. f3 Rde8 24. Bb2 Rhg8 25. a4 g4 26. fxg4 fxg4 27. b5
gxh3 28. Qe5+ Ka8 29. Qxd5 Bxd5 30. Re2 Bxg2 31. Rae1 Bf3+ 32. Kf2 Bxe2 33.
Kxe2 Rg2+ 34. Kd3 Rxb2 0-1

[Event "4NCL Online Division 5"]
[Site "online"]
[Date "2021.01.26"]
[Round "1.113"]
[White "Berry, Steve"]
[Black "O'Caolaidhe, Cormac"]
[Result "1-0"]
[WhiteElo "1473"]
[BlackElo "1564"]
[PlyCount "31"]
[EventDate "2021.01.26"]
[WhiteTeam "Warley And Quinborne"]
[BlackTeam "Enfield 1"]

1. e4 e5 2. Nf3 Nc6 3. d4 exd4 4. Nxd4 Be7 5. Nc3 f6 6. Bc4 Ne5 7. Bb3 Bc5 8.
Be3 d6 9. O-O Bg4 10. Qd2 Qe7 11. h3 Bh5 12. Ne6 Bxe3 13. Qxe3 Nc6 14. Nd5 Qf7
15. Ndxc7+ Ke7 16. Nxa8 1-0

[Event "4NCL Online Division 5"]
[Site "online"]
[Date "2021.01.26"]
[Round "1.114"]
[White "Banks, Stephen"]
[Black "Lewis, John B"]
[Result "0-1"]
[WhiteElo "1422"]
[BlackElo "1433"]
[PlyCount "110"]
[EventDate "2021.01.26"]
[WhiteTeam "Enfield 1"]
[BlackTeam "Warley And Quinborne"]

1. e4 e5 2. Nf3 Nc6 3. Bb5 a6 4. Bxc6 dxc6 5. O-O Bg4 6. d3 Bc5 7. Nc3 h6 8.
Na4 Bb6 9. b3 Bd4 10. Rb1 Qf6 11. c3 Bxf3 12. gxf3 Ba7 13. Qe2 b5 14. Nb2 Ne7
15. Be3 Bxe3 16. fxe3 Ng6 17. Rbe1 O-O-O 18. a4 Qe6 19. b4 Rdf8 20. axb5 cxb5
21. c4 Kd7 22. Rd1 Ke7 23. d4 exd4 24. Rxd4 Rd8 25. Rfd1 Rxd4 26. Rxd4 Rd8 27.
Rxd8 Kxd8 28. Qd3+ Qd7 29. Qxd7+ Kxd7 30. c5 Ne5 31. Kf2 Nc6 32. Nd3 Ke6 33. f4
f5 34. exf5+ Kxf5 35. Kf3 Ke6 36. h4 Kd5 37. e4+ Kd4 38. Nc1 Nxb4 39. e5 Kxc5
40. Ke4 Nd5 41. e6 Kd6 42. f5 Nf6+ 43. Kf4 c5 44. Nb3 b4 45. Na5 Nd5+ 46. Ke4
Nc3+ 47. Kf4 Nd5+ 48. Ke4 Nf6+ 49. Kf4 Kd5 50. Nb3 c4 51. Nc1 c3 52. Ne2 c2 53.
Nc1 a5 54. h5 a4 55. Ne2 a3 0-1